Statistics for US states by date of statehood (with a map)

Click here to take the quiz!

General Stats

  • This quiz has been taken 29 times
  • The average score is 35 of 50

Answers on the Map

Answers color-coded by a green-red scale on the quiz's map according to % correct below.
 

Answer Stats

No.Statehood dateState% Correct
1December 7th, 1787Delaware
100%
3December 18th, 1787New Jersey
90%
2December 12th, 1787Pennsylvania
90%
5January 9th, 1788Connecticut
86%
4January 2nd, 1788Georgia
86%
6February 6th, 1788Massachusetts
86%
7April 28th, 1788Maryland
81%
11July 26th, 1788New York
81%
12November 21st, 1789North Carolina
81%
13May 29th, 1790Rhode Island
81%
8May 23rd, 1788South Carolina
81%
28December 29th, 1845Texas
81%
14March 4th, 1791Vermont
81%
10June 25th, 1788Virginia
81%
31September 9th, 1850California
76%
27March 3rd, 1845Florida
76%
15June 1st, 1792Kentucky
76%
9June 21st, 1788New Hampshire
76%
17March 1st, 1803Ohio
76%
16June 1st, 1796Tennessee
76%
22December 14th, 1819Alabama
71%
25June 15th, 1836Arkansas
71%
19December 11th, 1816Indiana
71%
18April 30th, 1812Louisiana
71%
23March 15th, 1820Maine
71%
24August 10th, 1821Missouri
71%
49January 3rd, 1959Alaska
67%
38August 1st, 1876Colorado
67%
50August 21st, 1959Hawaii
67%
21December 3rd, 1818Illinois
67%
26January 26th, 1837Michigan
67%
20December 10th, 1817Mississippi
67%
36October 31st, 1864Nevada
67%
48February 14th, 1912Arizona
62%
47January 6th, 1912New Mexico
62%
33February 14th, 1859Oregon
62%
35June 20th, 1863West Virginia
62%
29December 28th, 1846Iowa
57%
34January 29th, 1861Kansas
57%
32May 11th, 1858Minnesota
57%
39November 2nd, 1889North Dakota
57%
46November 16th, 1907Oklahoma
57%
40November 2nd, 1889South Dakota
57%
45January 4th, 1896Utah
57%
30May 29th, 1848Wisconsin
57%
43July 3rd, 1890Idaho
52%
41November 8th, 1889Montana
52%
37March 1st, 1867Nebraska
52%
42November 11th, 1889Washington
52%
44July 10th, 1890Wyoming
52%

Score Distribution

Percentile by Number Answered

Percent of People with Each Score

Your Score History

You have not taken this quiz